Statistiques concernant Les clubs victimes de Neymar (pays inclus)

Cliquez ici pour prendre le quiz!

Statistiques générales

  • Ce quiz a été pris 53 fois
  • Le résultat moyen est 38 sur 133

Statistiques - réponses

PaysClubs% Correct
EspagneReal Madrid
98%
AllemagneBayern
79%
FranceLyon
77%
FranceMarseille
73%
ItalieJuventus
71%
EspagneAtlético Madrid
67%
AngleterreManchester United
67%
AngleterreManchester City
65%
AllemagneDortmund
63%
FranceParis
63%
FranceLille
60%
FranceRennes
60%
EspagneSéville
60%
XFrance
58%
TurquieGalatasaray
56%
FranceLens
56%
AngleterreLiverpool
56%
FranceNice
56%
XArgentine
54%
FranceMonaco
54%
XAllemagne
52%
AngleterreArsenal
52%
FranceStrasbourg
52%
EspagneVillarreal
52%
FranceBordeaux
50%
AllemagneLeipzig
50%
FranceNantes
50%
XUruguay
50%
FranceBrest
48%
XChili
48%
XCroatie
48%
FranceSaint-Etienne
48%
FranceToulouse
48%
EspagneBetis
46%
XEspagne
46%
FranceMontpellier
46%
FranceReims
46%
FranceLorient
44%
FranceMetz
44%
XPérou
44%
XMexique
42%
FranceAmiens
40%
FranceAngers
40%
XBolivie
40%
EcosseCeltic
40%
XColombie
40%
XParaguay
40%
FranceClermont
38%
XEtats-Unis
38%
BrésilFlamengo
38%
XItalie
38%
XJapon
38%
EspagneReal Sociedad
38%
FranceTroyes
38%
XPortugal
35%
XVenezuela
35%
Pays-BasAjax
33%
EspagneBilbao
33%
XEquateur
33%
FranceNimes
33%
BelgiqueAnderlecht
31%
XCameroun
31%
FranceCaen
29%
FranceDijon
29%
XCosta Rica
27%
SerbieEtoile Rouge
27%
FranceGuingamp
27%
XTunisie
27%
XAustralie
25%
EspagneCelta Vigo
25%
EspagneGetafe
25%
EspagneLas Palmas
25%
EspagneAlmeria
23%
XCorée du Sud
23%
EspagneEibar
21%
EspagneGijon
21%
BrésilSao Paulo
21%
EspagneEspanyol
19%
IsraelMaccabi Haifa
19%
BrésilPalmeiras
19%
XSerbie
19%
TurquieBasaksehir
17%
XChine
17%
XIrak
17%
BrésilBotafogo
15%
BrésilFluminense
15%
EspagneGrenade
15%
XAfrique du Sud
13%
ChiliColo-Colo
13%
XEcosse
13%
EspagneLevante
13%
XPanama
13%
XSalvador
13%
XTurquie
13%
EspagneAlaves
10%
XAutriche
10%
EspagneElche
10%
BrésilAtlético Mineiro
8%
BrésilCorinthians
8%
EspagneLeganes
8%
BiélorussieBorisov
6%
EspagneCordoba
6%
BrésilCruzeiro
6%
BrésilGremio
6%
EspagneLa Corogne
6%
EspagneRayo Vallecano
6%
EspagneReal Valladolid
6%
BrésilAtlético Paranaense
4%
BrésilBahia
4%
BrésilCoritiba
4%
BrésilGuarani
4%
BrésilInternacional
4%
FrancePays de Cassel
4%
UruguayPenarol
4%
BrésilAvai
2%
BrésilCeara
2%
BrésilFigueirense
2%
BrésilGoias
2%
BrésilNautico
2%
FrancePontivy
2%
BolivieThe Strongest
2%
BrésilBarueri
0%
BolivieBolivar
0%
EspagneCartagena
0%
ParaguayCerro Porteno
0%
PérouJuan Aurich
0%
JaponKashiwa Reysol
0%
IranNassaji Mazandaran
0%
ColombieOnce Caldas
0%
VenezuelaTachir
0%
ChiliUniversidad de Chile
0%
BrésilVasco da Gama
0%
BrésilVitoria
0%

Distribution des résultats

Percentile par nombre de réponses

% des personnes avec chaque résultat

Votre développement - résultats

Vous n’avez pas pris ce quiz